000 00743nam a22002297a 4500
005 20170124110121.0
010 _aA-770252
020 _c00.00
_a0195635507
035 _aA-770252
037 _bCen Lib/Ret
040 _aDPL
_bEN
082 _a954.09
_bAMI
100 _aAmin, Shahid
_930567
245 _aEvent, metaphor memory :
_c by Shahid Amin
_bChauri Chaura 1922-1992 /
260 _aNew Delhi
_bOxford University Press
_c1995
270 _aYMCA Library Building Jai Singh Road
_bNew Delhi
_e110001
300 _axiv, 256p.
_c20cm(Hb)
500 _aIncludes bibliographical reference and index
650 _aPolitical science
_9106125
650 _aIndia--Chauri Chaura
_930569
942 _2ddc
_cEN
_h954.09
_mAMI
999 _c131005
_d131005